[Event "AUTO-ADV-3094"]
[Site "http://www.queenalice.com/game.php?id=1262528"]
[Date "2014.3.5"]
[Round "1"]
[White "Herivelto"]
[Black "melr111"]
[Result "1-0"]
[WhiteElo "2025"]
[BlackElo "1691"]

1. Nf3 Nc6 2. c4 e5 3. d4 exd4 4. Nxd4 Nxd4 5. Qxd4 Nf6 6. Bg5 c5 7. Qc3 Be7 8.
Nd2 h6 9. Bh4 b6 10. Qf3 Rb8 11. e4 Bb7 12. Bd3 O-O 13. Qe2 d6 14. g4 g5 15. Bg3
Re8 16. h4 Kg7 17. f4 Rh8 18. O-O-O Bc8 19. f5 Bb7 20. hxg5 hxg5 21. Rxh8 Qxh8
22. e5 dxe5 23. Qxe5 Re8 24. Qc7 Bc8 25. Be5 1-0

[Event "AUTO-ADV-3094"]
[Site "http://www.queenalice.com/game.php?id=1262529"]
[Date "2014.3.5"]
[Round "1"]
[White "melr111"]
[Black "Herivelto"]
[Result "0-1"]
[WhiteElo "1688"]
[BlackElo "2028"]

1. e4 c5 2. Nc3 Nc6 3. Nf3 d6 4. Bb5 Bd7 5. d4 cxd4 6. Nxd4 a6 7. Bxc6 bxc6 8.
O-O e5 9. Nf5 Be6 10. Be3 d5 11. Nxg7+ Bxg7 12. Bc5 d4 13. Na4 Qa5 14. b3 Rb8
15. c4 Nf6 16. b4 Qc7 17. a3 Nxe4 18. Qc2 Nxc5 19. Nxc5 Qe7 20. Rab1 O-O 21.
Nxa6 Rbd8 22. Nc5 Bg4 23. f3 Bh5 24. Rbe1 Bg6 0-1

[Event "AUTO-ADV-3094"]
[Site "http://www.queenalice.com/game.php?id=1262546"]
[Date "2014.3.5"]
[Round "1"]
[White "melr111"]
[Black "elisangela"]
[Result "0-1"]
[WhiteElo "1808"]
[BlackElo "1774"]

1. e4 e6 2. d4 h6 3. c4 Qh4 4. Nc3 a6 5. Nf3 Bb4 6. Nxh4 Bxc3+ 7. bxc3 b6 8. Qg4
g5 9. Nf3 Nf6 10. Qg3 d6 11. Bd3 Nfd7 12. Be3 Nc6 13. d5 exd5 14. cxd5 Nce5 15.
Nxe5 Nxe5 16. Kd2 a5 17. c4 Nxd3 18. Kxd3 a4 0-1

[Event "AUTO-ADV-3094"]
[Site "http://www.queenalice.com/game.php?id=1262547"]
[Date "2014.3.5"]
[Round "1"]
[White "elisangela"]
[Black "melr111"]
[Result "1-0"]
[WhiteElo "1791"]
[BlackElo "1791"]

1. e3 e5 2. b3 Nc6 3. Bb2 Nf6 4. Bb5 d6 5. Bxc6+ bxc6 6. c4 c5 7. Qf3 Rb8 8. h3
Be7 9. g4 Bb7 10. Qe2 Bxh1 11. f3 c6 12. Qh2 Bxf3 13. Nxf3 Ne4 14. d3 Ng5 15.
Nxg5 Bxg5 16. Ke2 a5 17. Nd2 O-O 18. Rf1 1-0

[Event "AUTO-ADV-3094"]
[Site "http://www.queenalice.com/game.php?id=1262548"]
[Date "2014.3.5"]
[Round "1"]
[White "melr111"]
[Black "rogervolei"]
[Result "0-1"]
[WhiteElo "1711"]
[BlackElo "1778"]

1. e4 a6 2. d4 h6 3. c4 e6 4. d5 Qh4 5. Nc3 Bb4 6. Qf3 Bxc3+ 7. bxc3 Qf6 8. Qxf6
Nxf6 9. Bd3 c5 10. Be3 b6 11. Nf3 d6 12. Rb1 Nbd7 13. dxe6 fxe6 14. Nh4 Ne5 15.
Kd2 Rb8 16. a4 a5 17. f4 Nxd3 18. Kxd3 Ng4 19. h3 Nxe3 20. Kxe3 g5 0-1

[Event "AUTO-ADV-3094"]
[Site "http://www.queenalice.com/game.php?id=1262549"]
[Date "2014.3.5"]
[Round "1"]
[White "rogervolei"]
[Black "melr111"]
[Result "1-0"]
[WhiteElo "1763"]
[BlackElo "1726"]

1. e3 e5 2. a3 Nf6 3. h3 d5 4. g4 e4 5. b4 h6 6. Bb2 Be7 7. d3 Nc6 8. d4 a6 9.
f3 g5 10. c4 Be6 11. c5 b6 12. cxb6 cxb6 13. b5 Na5 14. Kf2 Bd7 15. a4 axb5 16.
axb5 O-O 17. Bc3 Qc7 18. h4 Kg7 19. hxg5 hxg5 20. Bxa5 Rxa5 21. Rxa5 1-0

[Event "AUTO-OPEN-3205"]
[Site "http://www.queenalice.com/game.php?id=1262593"]
[Date "2014.3.6"]
[Round "1"]
[White "sss"]
[Black "melr111"]
[Result "1-0"]
[WhiteElo "1702"]
[BlackElo "1775"]

1. e4 e5 2. Nf3 Nc6 3. Bb5 d6 4. h3 a6 5. Bxc6+ bxc6 6. d3 h6 7. Nc3 Be7 8. Nh2
d5 9. Qf3 d4 10. Ne2 Nf6 11. Ng3 Be6 12. a3 c5 13. Nf5 Bxf5 14. Qxf5 Qd6 15. Ng4
Nxg4 16. Qxg4 a5 17. Qxg7 O-O-O 18. Qxf7 Rdf8 19. Qh5 Qf6 20. O-O Rfg8 21. f4
exf4 22. Rxf4 Qg6 23. Qxg6 Rxg6 24. Bd2 Bd6 25. Rf5 h5 26. Raf1 Rhg8 27. R1f2
Bg3 28. Re2 Bd6 29. Bxa5 h4 30. Be1 1-0

[Event "AUTO-OPEN-3205"]
[Site "http://www.queenalice.com/game.php?id=1262594"]
[Date "2014.3.6"]
[Round "1"]
[White "melr111"]
[Black "sss"]
[Result "0-1"]
[WhiteElo "1756"]
[BlackElo "1721"]

1. d4 d5 2. Nc3 e6 3. Nf3 Nf6 4. Bg5 h6 5. Bh4 Be7 6. e3 a6 7. a3 Nc6 8. Bd3 Nh7
9. Bxe7 Qxe7 10. Qd2 Qf6 11. e4 dxe4 12. Bxe4 e5 13. Bxc6+ Qxc6 14. dxe5 Bg4 15.
O-O-O O-O 16. h3 Bxf3 17. gxf3 Qxf3 18. Rdg1 Rae8 19. Rg3 Qxh1+ 20. Nd1 Rd8 21.
Qe2 Rd7 22. Rd3 Rxd3 23. cxd3 Qc6+ 24. Nc3 Qh1+ 25. Kc2 Ng5 26. Qg4 Re8 27. d4
c5 28. Kd3 Qf3+ 29. Kc4 cxd4 30. Qxf3 Nxf3 0-1

[Event "AUTO-OPEN-3205"]
[Site "http://www.queenalice.com/game.php?id=1262635"]
[Date "2014.3.6"]
[Round "1"]
[White "NatanEstivallet"]
[Black "melr111"]
[Result "1-0"]
[WhiteElo "1972"]
[BlackElo "1739"]

1. e4 e5 2. Nf3 Nc6 3. Bc4 h6 4. d4 d6 5. Nc3 exd4 6. Nxd4 Nxd4 7. Qxd4 Nf6 8.
Be3 c5 9. Qd3 Qb6 10. O-O Qxb2 11. e5 dxe5 12. Na4 Qb4 13. Rad1 Be6 14. Bxe6
fxe6 15. Nc3 Be7 16. Ne2 O-O 17. Qg6 Ng4 18. Qxe6+ Rf7 19. c3 Qe4 20. Ng3 Qc6
21. Qxc6 bxc6 22. Bc1 c4 23. Ne4 1-0

[Event "AUTO-OPEN-3205"]
[Site "http://www.queenalice.com/game.php?id=1262636"]
[Date "2014.3.6"]
[Round "1"]
[White "melr111"]
[Black "NatanEstivallet"]
[Result "0-1"]
[WhiteElo "1732"]
[BlackElo "1979"]

1. e4 c5 2. Nc3 Nc6 3. Nf3 g6 4. Bc4 Bg7 5. d3 d6 6. Nd5 Nf6 7. Be3 O-O 8. Qd2
a6 9. a3 e6 10. Nxf6+ Bxf6 11. O-O b5 12. Ba2 Bxb2 13. Rab1 Bg7 14. c3 Bb7 15.
d4 cxd4 16. cxd4 Rc8 17. d5 exd5 18. exd5 Na5 19. Nd4 Nc4 20. Bxc4 Rxc4 21. Rfc1
Rxc1+ 22. Rxc1 Qd7 0-1

[Event "AUTO-OPEN-3284"]
[Site "http://www.queenalice.com/game.php?id=1293156"]
[Date "2014.7.7"]
[Round "1"]
[White "melr111"]
[Black "Narizinho"]
[Result "0-1"]
[WhiteElo "1643"]
[BlackElo "1451"]

1. e4 e5 2. Nf3 Nf6 3. Nc3 Nc6 4. Bc4 Bb4 5. d3 O-O 6. a3 Be7 7. Be3 d6 8. Ba2
b6 9. Qd2 a5 10. O-O Bg4 11. h3 Be6 12. Nd5 Bxd5 13. exd5 Na7 14. c4 b5 15. b3
bxc4 16. bxc4 a4 17. Qc2 Qc8 0-1

[Event "AUTO-OPEN-3284"]
[Site "http://www.queenalice.com/game.php?id=1293157"]
[Date "2014.7.7"]
[Round "1"]
[White "Narizinho"]
[Black "melr111"]
[Result "1-0"]
[WhiteElo "1425"]
[BlackElo "1669"]

1. e4 e5 2. Nf3 Nc6 3. Nc3 Nf6 4. Bb5 d6 5. O-O Bd7 6. d3 a6 7. Bc4 b5 8. Bg5
bxc4 9. dxc4 Be6 10. b3 Be7 11. Na4 h6 12. Bd2 Nxe4 13. Be3 O-O 14. c3 Bg4 15.
b4 f5 16. b5 Na5 17. Qc2 1-0

[Event "AUTO-OPEN-3284"]
[Site "http://www.queenalice.com/game.php?id=1293158"]
[Date "2014.7.7"]
[Round "1"]
[White "melr111"]
[Black "Paulsains"]
[Result "0-1"]
[WhiteElo "1721"]
[BlackElo "1963"]

1. e4 e5 2. Nf3 Nf6 3. Nc3 Nc6 4. Bc4 h6 5. d3 Be7 6. Be3 O-O 7. Qd2 d6 8. d4
Bd7 9. d5 Nb4 10. a3 Na6 11. Bxa6 bxa6 12. h3 c6 13. O-O-O cxd5 14. exd5 Qc7 15.
g4 Nh7 16. g5 h5 17. h4 Bg4 18. Qe2 Rab8 19. Rhg1 g6 20. Ne4 f5 21. Nf6+ Nxf6
22. gxf6 Bxf6 23. Rxg4 fxg4 24. Ng5 e4 25. Ne6 Bxb2+ 26. Kb1 Qb7 27. c3 Bxc3+
28. Ka2 Qb3# 0-1

[Event "AUTO-OPEN-3284"]
[Site "http://www.queenalice.com/game.php?id=1293159"]
[Date "2014.7.7"]
[Round "1"]
[White "Paulsains"]
[Black "melr111"]
[Result "1-0"]
[WhiteElo "1942"]
[BlackElo "1678"]

1. e4 e5 2. Nf3 Nc6 3. Bc4 h6 4. O-O Nf6 5. Nc3 d6 6. h3 Be6 7. Bxe6 fxe6 8. d4
exd4 9. Nxd4 Qe7 10. Nxc6 bxc6 11. f4 d5 12. e5 Nh7 13. Qh5+ Qf7 14. Qxf7+ Kxf7
15. Kh1 g6 16. Bd2 c5 17. Nb5 c6 18. Nc3 Be7 19. g3 h5 20. Rf3 c4 21. Raf1 Rab8
22. Nd1 Rb5 23. b3 a5 24. Nb2 cxb3 25. cxb3 c5 26. a4 Rb7 27. Bxa5 c4 28. R1f2
Rxb3 29. Rxb3 cxb3 30. Rf3 1-0

[Event "AUTO-OPEN-3284"]
[Site "http://www.queenalice.com/game.php?id=1293160"]
[Date "2014.7.7"]
[Round "1"]
[White "melr111"]
[Black "vult0"]
[Result "0-1"]
[WhiteElo "1671"]
[BlackElo "2364"]

1. e4 e5 2. Nf3 Nf6 3. Nc3 Bb4 4. a3 Bxc3 5. dxc3 d6 6. Bd3 Nc6 7. b4 Bg4 8. h3
Bh5 9. Bg5 h6 10. Bh4 a6 11. g4 Bg6 12. g5 hxg5 13. Bxg5 Qd7 14. h4 Nxe4 15.
Bxe4 Bxe4 0-1

[Event "AUTO-OPEN-3284"]
[Site "http://www.queenalice.com/game.php?id=1293161"]
[Date "2014.7.7"]
[Round "1"]
[White "vult0"]
[Black "melr111"]
[Result "1-0"]
[WhiteElo "2363"]
[BlackElo "1673"]

1. d4 d5 2. c4 Nf6 3. Nc3 e6 4. e3 c6 5. Nf3 Bb4 6. Bd3 Nbd7 7. O-O Bxc3 8. bxc3
b5 9. cxb5 c5 10. c4 O-O 11. cxd5 Nxd5 12. Ba3 Nc3 13. Qc2 Nd5 14. Bxh7+ Kh8 15.
Be4 cxd4 16. Bxf8 Nxf8 17. Nxd4 1-0

[Event "AUTO-ADV-3185"]
[Site "http://www.queenalice.com/game.php?id=1293353"]
[Date "2014.7.8"]
[Round "1"]
[White "Antonino"]
[Black "melr111"]
[Result "1-0"]
[WhiteElo "1873"]
[BlackElo "1715"]

1. e4 e5 2. Nf3 Nc6 3. Bc4 h6 4. d4 exd4 5. Nxd4 Nxd4 6. Qxd4 d6 7. Nc3 Nf6 8.
O-O c5 9. Qe3 Be6 10. Bxe6 fxe6 11. Bd2 a6 12. h3 Be7 13. Kh1 O-O 14. f4 Qc7 15.
e5 Nd5 16. Nxd5 exd5 17. exd6 Bxd6 18. Qe6+ Kh8 19. Qxd5 Rad8 20. Qf3 Rf7 21. g3
g5 22. Bc3+ Kg8 23. Qh5 gxf4 24. Qg6+ Kf8 25. Rae1 Qc6+ 26. Kg1 c4 27. Qxh6+ 1-0

[Event "AUTO-ADV-3185"]
[Site "http://www.queenalice.com/game.php?id=1293354"]
[Date "2014.7.8"]
[Round "1"]
[White "melr111"]
[Black "Antonino"]
[Result "0-1"]
[WhiteElo "1615"]
[BlackElo "1894"]

1. e4 e5 2. Nf3 Nf6 3. Nc3 Nc6 4. Bc4 Bc5 5. d3 h6 6. Be3 Bxe3 7. fxe3 d6 8. Nd5
Nxd5 9. exd5 Na5 10. Bb3 Bg4 11. O-O Nxb3 12. axb3 f5 13. h3 Bh5 14. Qe1 O-O 15.
e4 fxe4 16. dxe4 Bxf3 17. Rxf3 Rxf3 18. gxf3 Qg5+ 19. Kh2 Qf4+ 20. Kg2 Rf8 21.
Qe2 Rf6 22. Rxa7 Rg6+ 23. Kf2 Rg3 24. h4 Rh3 25. Kg1 Qg3+ 26. Qg2 Qe1+ 27. Qf1
Rg3+ 28. Kh2 Qxf1 0-1

[Event "AUTO-ADV-3185"]
[Site "http://www.queenalice.com/game.php?id=1293367"]
[Date "2014.7.8"]
[Round "1"]
[White "ALDROB"]
[Black "melr111"]
[Result "1-0"]
[WhiteElo "1773"]
[BlackElo "1691"]

1. e4 e5 2. Nf3 Nc6 3. Bb5 d6 4. O-O Bd7 5. c3 a6 6. Ba4 Nf6 7. Bc2 d5 8. Re1
Bg4 9. exd5 Qxd5 10. Bb3 Qd6 11. Na3 Be7 12. Nc4 Qd7 13. Ncxe5 Nxe5 14. Rxe5
Bxf3 15. Qxf3 O-O 16. d4 Bd6 17. Rg5 Rae8 18. Be3 Ne4 19. Bc2 Nxg5 20. Bxg5 h6
21. Qd3 f5 22. Bd2 Kh8 23. g4 1-0

[Event "AUTO-ADV-3185"]
[Site "http://www.queenalice.com/game.php?id=1293368"]
[Date "2014.7.8"]
[Round "1"]
[White "melr111"]
[Black "ALDROB"]
[Result "0-1"]
[WhiteElo "1705"]
[BlackElo "1759"]

1. e4 e5 2. Nc3 Nf6 3. Nf3 Nc6 4. Bc4 Nxe4 5. Nxe4 d5 6. Bxd5 Qxd5 7. d3 Bg4 8.
Be3 O-O-O 9. h3 Bxf3 10. gxf3 h6 11. a3 f5 12. Nc3 Qf7 13. Qe2 f4 14. Bd2 Bc5
15. O-O-O Nd4 16. Qxe5 Bb6 17. Qxf4 Qxf4 18. Bxf4 Nxf3 19. Be3 Nd4 20. Bxd4 Bxd4
21. Ne4 Rhf8 22. Rhf1 Rf3 23. c3 Bb6 0-1

[Event "AUTO-ADV-3185"]
[Site "http://www.queenalice.com/game.php?id=1293377"]
[Date "2014.7.8"]
[Round "1"]
[White "melr111"]
[Black "alvm"]
[Result "0-1"]
[WhiteElo "1617"]
[BlackElo "2021"]

1. d4 Nf6 2. Nc3 d5 3. Nf3 Bf5 4. e3 e6 5. Bd3 Bxd3 6. cxd3 Bd6 7. e4 Bb4 8. e5
Nfd7 9. a3 Bxc3+ 10. bxc3 O-O 11. O-O c5 12. Bg5 Qa5 0-1

[Event "AUTO-ADV-3185"]
[Site "http://www.queenalice.com/game.php?id=1293378"]
[Date "2014.7.8"]
[Round "1"]
[White "alvm"]
[Black "melr111"]
[Result "1-0"]
[WhiteElo "2019"]
[BlackElo "1619"]

1. d4 d5 2. c4 Nf6 3. cxd5 Nxd5 4. e4 Nf6 5. e5 Nd5 6. Bc4 c6 7. Nf3 e6 8. O-O
Nd7 9. Nc3 N7b6 10. Bd3 Be7 11. Re1 O-O 12. Bd2 1-0